Music Quiz

Random Music or Artist Quiz

Prepositions in Album Titles III Quiz Stats

 Plays Quiz Updated Sep 15, 2019

Score 0/20 Timer 03:00
1 Play Today
% Correct
With
94.5%
On
94%
Than
93.8%
At
93.6%
From
92.8%
Off
92.7%
In
91.5%
Of
91.3%
Like
89.4%
For
87.5%
% Correct
Between
87.1%
Without
85.2%
Under
79.7%
By
78.5%
To
77.5%
Out
72.9%
About
71.4%
Beyond
54.9%
Across
54.5%
Over
54.1%

You're not logged in!

Compare scores with friends on all Sporcle quizzes.
OR
Log In

Sporcle TV

Today on Sporcle TV


Watch our educational content, quiz creation guides, and fun videos on Sporcle TV.

Show Comments

Extras

Top Quizzes Today


Score Distribution

Your Account Isn't Verified!

In order to create a playlist on Sporcle, you need to verify the email address you used during registration. Go to your Sporcle Settings to finish the process.

Report this User

Report this user for behavior that violates our Community Guidelines.

Details: